Načítá se...
Economic theory and developing countries
| Hlavní autor: | |
|---|---|
| Médium: | Printed Book |
| Jazyk: | Undetermined English |
| Vydáno: |
London
Macmillan India Ltd
1978
|
| Témata: |
| LEADER | 00750nam a2200205Ia 4500 | ||
|---|---|---|---|
| 008 | 140306s9999 xx 000 0 und d | ||
| 041 | |a eng | ||
| 082 | |a 330 |b DAS/EC | ||
| 100 | |a DasGupta, A K | ||
| 245 | |a Economic theory and developing countries | ||
| 260 | |a London |b Macmillan India Ltd |c 1978 | ||
| 300 | |a 132 | ||
| 365 | |b Rs .44 .00 | ||
| 650 | |a income | ||
| 650 | |a labour | ||
| 650 | |a savings | ||
| 942 | |2 ddc |c BK | ||
| 999 | |c 120750 |d 120750 | ||
| 952 | |0 0 |1 0 |2 ddc |4 0 |6 330_000000000000000_DASEC |7 0 |9 120073 |a KAUHCV |b KAUHCV |d 2002-05-07 |g 44.00 |o 330 DAS/EC |p KAU_HCV-10709 |r 2014-03-22 |w 2014-03-22 |y BK | ||
| 952 | |0 0 |1 0 |2 ddc |4 0 |6 330_000000000000000_DASEC |7 0 |9 120074 |a KAUHCV |b KAUHCV |d 2002-05-07 |g 44.00 |o 330 DAS/EC |p KAU_HCV-10710 |r 2014-03-22 |w 2014-03-22 |y BK | ||